| 000 | 00464nam a2200181Ia 4500 | ||
|---|---|---|---|
| 003 | LK-CoDNM | ||
| 005 | 20240122143512.0 | ||
| 008 | 010623t1939 xxu||||| |||| 00| 1 sin d | ||
| 040 |
_aLK-CoDNM _dLK-CoDNM _eLK-CoDNM |
||
| 041 | _asin | ||
| 080 |
_a104 _bK 25 |
||
| 100 | _aBuddhasoma Thero,Gunnepana | ||
| 245 | _aතථාගත බලය | ||
| 246 | _aTataagata Balaya | ||
| 260 |
_bSujata Weerakon _aKatugastota _c1939 |
||
| 300 | _b12p, 18 cm | ||
| 942 | _cBK | ||
| 999 |
_c99334 _d99334 |
||